000 00283nam a22001217a 4500
008 170711b xxu||||| |||| 00| 0 eng d
041 _aeng
080 _a05
100 _a23
101 _aENC
245 _aTHE NEW ILLUSTRATED MEDICAL ENCYCLOPEDIA
_cROTHENBERG,R.E
942 _2udc
_cBK
999 _c20230
_d20230